Countries with the Highest Population Density in 2050 - Statistics

General Stats
  • This quiz has been taken 673 times
  • The average score is 15 of 24
Answer Stats
Density Country % Correct
30,872 Monaco
90%
9,154 Singapore
88%
1,479 Bangladesh
85%
551 India
84%
561 San Marino
80%
1,832 Vatican City
79%
481.6 South Korea
73%
630 Taiwan
70%
509 Netherlands
67%
3,047 Bahrain
65%
588 Israel
63%
1,334 Malta
63%
934 Rwanda
58%
638 Lebanon
56%
986 Burundi
55%
539.8 Haiti
55%
485 Philippines
51%
1,954 Maldives
49%
540.2 Nauru
47%
584 Mauritius
44%
791 Comoros
41%
533 Tuvalu
41%
644 Barbados
35%
482.4 Gambia
32%
No matching quizzes found
Score Distribution
Percent of People with Each Score
Percentile by Number Answered
Your Score History
You have not taken this quiz